GETS Theological Seminary Library

天道聖經註釋: (Record no. 964)

MARC details
000 -LEADER
fixed length control field 01249nam a2200277Ia 4500
003 - CONTROL NUMBER IDENTIFIER
control field OSt
005 - DATE AND TIME OF LATEST TRANSACTION
control field 20241107164426.0
008 - FIXED-LENGTH DATA ELEMENTS--GENERAL INFORMATION
fixed length control field 200731s9999 xx 000 0 und d
020 ## - INTERNATIONAL STANDARD BOOK NUMBER
International Standard Book Number 9622082297
020 ## - INTERNATIONAL STANDARD BOOK NUMBER
International Standard Book Number 9789622082298
040 ## - CATALOGING SOURCE
Transcribing agency 0
041 ## - LANGUAGE CODE
Language code of text/sound track or separate title chi
050 ## - LIBRARY OF CONGRESS CALL NUMBER
Classification number BS498.C5
Item number .T53 1980-
100 ## - MAIN ENTRY--PERSONAL NAME
Personal name 黃浩儀
245 ## - TITLE STATEMENT
Title 天道聖經註釋:
Remainder of title 腓利門書 /
Statement of responsibility, etc. 主編鄺炳釗; 黃浩儀
246 ## - VARYING FORM OF TITLE
Title proper/short title 天道圣经注释:
Remainder of title 腓利门书
260 ## - PUBLICATION, DISTRIBUTION, ETC.
Place of publication, distribution, etc. 香港 :
Name of publisher, distributor, etc. 天道書樓有限公司,
Date of publication, distribution, etc. 1980-
300 ## - PHYSICAL DESCRIPTION
Extent v, 154 p.
Other physical details ;
Dimensions 22 cm.
490 ## - SERIES STATEMENT
Series statement 天道聖經註釋
505 ## - FORMATTED CONTENTS NOTE
Formatted contents note 1. 解經(exegesis)與釋經(exposition)並重。一方面詳細研究原文詞、時代背景及有關資料,另一方面也對經文各節作仔細分析。<br/>2. 全由華人學者撰寫,不論用詞或思想方法都較翻譯作品易於了解。<br/>3. 不同學者有不同的學養和專長,其著述可給讀者多方面的啟發和參考。<br/>4. 重要的聖經原文盡量列出或加上英文音譯,然後在內文或註腳詳細講解,使不懂原文者亦可深入研究聖經。
650 ## - SUBJECT ADDED ENTRY--TOPICAL TERM
Topical term or geographic name entry element Bible. N.T. Philemon Commentaries.
650 ## - SUBJECT ADDED ENTRY--TOPICAL TERM
Topical term or geographic name entry element Bible. Philemon.
700 ## - ADDED ENTRY--PERSONAL NAME
Personal name 鄺炳釗
942 ## - ADDED ENTRY ELEMENTS (KOHA)
Source of classification or shelving scheme
Koha item type Chinese Book
949 ## - LOCAL PROCESSING INFORMATION (OCLC)
v v.57
Holdings
Withdrawn status Lost status Damaged status Not for loan Home library Current library Shelving location Date acquired Cost, normal purchase price Total Checkouts Full call number Barcode Date last seen Price effective from Koha item type
        GETS Theological Seminary Library GETS Theological Seminary Library General Stacks 07/12/2020 8.40   BS498.C5 .T53 1980- 00000918 07/12/2020 07/12/2020 Chinese Book
OpacCredits

Contact the Librarian, GETS Library
Email: library@mygets.org









Implemented by GETS Library
(Powered by ETCA Professional Group)
GETS Theological Seminary
412 E. Rowland Street, CA 91723